000 00700nam a2200181 i 4500
001 89512
003 ES-MaACL
007 t|
008 050111m19101912sp ||||1| spa d
100 0 _aSacro Lirio, Agustín Fernando de la Serna López,
_cBarón de
_9101273
245 1 3 _aEl mundo
_b: breve reseña histórica, política, administrativa y comercial de todas las naciones /
_cpor Agustín Fernando de la Serna López Sacro Lirio.
260 _aMadrid :
_bSucesores de Rivadeneyra,
_c1910-12.
300 _a2 v. ;
_c20 cm.
500 _aFalta el tomo I: año 1908.
505 8 _aContiene: II: Año 1909. -- III: Año 1910-11
852 _aES-MaACL
_jB-2369-70
999 _c89512
_d89512